| 000 -ლიდერი |
| ფიქსირებული სიგრძის საკონტროლო ველი |
01732nam a2200301Ia 4500 |
| 001 - საკონტროლო ნომერი |
| საკონტროლო ველი |
3720 |
| 003 - საკონტროლო ნომრის იდენტიფიკატორი |
| საკონტროლო ველი |
GE_BSU |
| 005 - ბოლო ოპერაციის თარიღი და დრო |
| საკონტროლო ველი |
20190627195103.0 |
| 008 - ფიქსირებული სიგრძის მონაცემთა ელემენტები - ზოგადი ინფორმაცია |
| ფიქსირებული სიგრძის საკონტროლო ველი |
181216s2012||||ge |||||||||||||| ||geo|| |
| 040 ## - კატალოგიზაციის წყარო |
| Transcribing agency |
GE_BSU |
| 041 ## - ენის კოდი |
| Language code of text/sound track or separate title |
geo |
| 080 ## - უნივერსალური ათობითი კლასიფიკაციის ინდექსი |
| Universal Decimal Classification number |
338.48(063) მ–45 |
| 245 ## - ცნობა სათაურის შესახებ |
| Title |
მდგრადი ტურიზმი : |
| Remainder of title |
III საერთაშორისო სამეცნ.-პრაქტ. კონფერენცია, 2-3 ივნისი / |
| Statement of responsibility, etc |
ბათუმის შოთა რუსთაველის სახელმწ. უნ-ტი, ტურიზმის ფაკ-ტი, აჭარის არ ტურიზმისა და კურორტების დეპარტამენტი. |
| 264 ## - წარმოების, გამოცემის, დისტრიბუციის და სხვა ცნობები |
| გამოცემის, წარმოების, დისტრიბუციის... ადგილი |
ბათუმი, |
| გამოცემის, წარმოების, დისტრიბუციის... თარიღი |
2012. |
| 300 ## - ფიზიკური აღწერა |
| Extent |
393 გვ. ; |
| Other physical details |
29 სმ. |
| 504 ## - BIBLIOGRAPHY, ETC. NOTE |
| Bibliography, etc |
ბიბლიოგრ. სტატიების ბოლოს |
| 520 ## - SUMMARY, ETC. |
| Summary, etc |
რეზ. ინგლ. |
| 653 ## - INDEX TERM--UNCONTROLLED |
| Uncontrolled term |
ტურიზმის ეკონომიკა |
| 653 ## - INDEX TERM--UNCONTROLLED |
| Uncontrolled term |
სამეცნიერო-პრაქტიკული კონფერენციები |
| 700 ## - ADDED ENTRY--PERSONAL NAME |
| Personal name |
შენგელია, თეიმურაზ |
| 9 (RLIN) |
814 |
| 700 ## - ADDED ENTRY--PERSONAL NAME |
| Personal name |
მესხია, იაშა |
| 9 (RLIN) |
3017 |
| 700 ## - ADDED ENTRY--PERSONAL NAME |
| Personal name |
ყურაშვილი, გუგული |
| 9 (RLIN) |
3018 |
| 700 ## - ADDED ENTRY--PERSONAL NAME |
| Personal name |
როსტიაშვილი, თამარ |
| 9 (RLIN) |
3019 |
| 700 ## - ADDED ENTRY--PERSONAL NAME |
| Personal name |
სოსელია, მაია და სხვ. |
| 9 (RLIN) |
3020 |
| 710 ## - ADDED ENTRY--CORPORATE NAME |
| Corporate name or jurisdiction name as entry element |
ბსუ |
| Subordinate unit |
ტურიზმის ფაკ-ტი |
| 9 (RLIN) |
3021 |
| 710 ## - ADDED ENTRY--CORPORATE NAME |
| Corporate name or jurisdiction name as entry element |
აჭარის არ ტურიზმისა და კურორტების დეპარტამენტი |
| 9 (RLIN) |
1536 |
| 942 ## - ADDED ENTRY ELEMENTS (KOHA) |
| Koha item type |
წიგნი |
| Source of classification or shelving scheme |
|